000 00858nam a22002897a 4500
001 BR9903357
003 BR-BrBNA
005 20230928100358.0
007 ta
008 230509b bl.||||| |||| 00| 0 por d
040 _aBR-BrBNA
_bpor
_cBiblioteca Nacional de Agricultura
041 _a(Por)
072 _aE14; E21
090 _ E14 BR9903357
110 1 _aFundacao para o Desenvolvimento Cientifico e Tecnologico, Cascavel, PR (Brasil)
245 1 _aPlano diretor; Parque Tecnologico Agroindustrial do Oeste
260 3 _aCascavel, PR (Brasil):
_c1995.
300 _a99 p.
500 _a8 tables
650 _aProjeto de Desenvolvimento
650 _aProjeto Industrial
650 _aTransferencia de Tecnologia
650 _aTecnologia Apropriada
650 _aIndustria Agricola
909 _a202309
_bLucia
_c55
_dLucia Elande
942 _cBK
999 _c61124
_d61124